Alle Städte Sachsens - Statistiken

Allgemein
  • Dieses Quiz wurde 72 mal gespielt
  • Das Durchschnittsergebnis liegt bei 37 aus 169
Antwortstatistiken
Name Einwohnerzahl Kreis % Korrekt
Dresden 563.311 kreisfrei
98%
Bautzen 38.140 Bautzen
97%
Leipzig 616.093 kreisfrei
94%
Chemnitz 248.563 kreisfrei
91%
Görlitz 56.574 Görlitz
91%
Zwickau 87.172 Zwickau
91%
Meißen 29.011 Meißen
89%
Plauen 64.763 Vogtlandkreis
72%
Freiberg 40.485 Mittelsachsen
66%
Pirna 39.054 Sächsische Schweiz-Osterzgebirge
64%
Freital 39.588 Sächsische Schweiz-Osterzgebirge
55%
Hoyerswerda 31.356 Bautzen
55%
Radebeul 34.096 Meißen
52%
Radeberg 18.980 Bautzen
50%
Radeburg 7.451 Bautzen
50%
Riesa 29.076 Meißen
50%
Zittau 24.794 Görlitz
50%
Grimma 28.205 Leipzig
45%
Annaberg-Buchholz 19.382 Erzgebirgskreis
44%
Torgau 19.802 Nordsachsen
44%
Döbeln 23.763 Mittelsachsen
41%
Delitzsch 25.244 Nordsachsen
39%
Oschatz 14.195 Nordsachsen
39%
Mittweida 14.332 Mittelsachsen
38%
Weißwasser 15.136 Görlitz
38%
Aue-Bad Schlema 19.864 Erzgebirgskreis
36%
Auerbach/Vogtl. 17.759 Vogtlandkreis
36%
Glauchau 21.951 Zwickau
36%
Kamenz 17.015 Bautzen
36%
Borna 19.740 Leipzig
34%
Markkleeberg 24.523 Leipzig
34%
Schkeuditz 19.189 Nordsachsen
34%
Schwarzenberg/Erzgeb. 15.936 Erzgebirgskreis
34%
Löbau 14.352 Görlitz
31%
Stollberg/Erzgeb. 11.139 Erzgebirgskreis
31%
Zschopau 8.996 Erzgebirgskreis
31%
Coswig 20.512 Meißen
30%
Crimmitschau 18.567 Zwickau
30%
Eilenburg 16.031 Nordsachsen
30%
Marienberg 16.603 Erzgebirgskreis
30%
Oberwiesenthal 2.045 Erzgebirgskreis
30%
Oelsnitz/Erzgeb. 10.837 Erzgebirgskreis
30%
Oelsnitz/Vogtl. 9.951 Vogtlandkreis
30%
Reichenbach/O.L. 4.844 Görlitz
30%
Niesky 9.249 Görlitz
28%
Schneeberg 13.994 Erzgebirgskreis
28%
Altenberg 7.870 Sächsische Schweiz-Osterzgebirge
27%
Bad Schandau 3.421 Sächsische Schweiz-Osterzgebirge
27%
Dippoldiswalde 14.161 Sächsische Schweiz-Osterzgebirge
27%
Frankenberg 13.750 Mittelsachsen
27%
Johanngeorgenstadt 3.783 Erzgebirgskreis
27%
Limbach-Oberfrohna 23.833 Zwickau
27%
Werdau 20.702 Zwickau
27%
Wurzen 16.614 Leipzig
27%
Taucha 15.816 Nordsachsen
25%
Bischofswerda 10.686 Bautzen
23%
Heidenau 16.884 Sächsische Schweiz-Osterzgebirge
23%
Klingenthal 7.764 Vogtlandkreis
23%
Nossen 10.389 Meißen
23%
Sebnitz 9.522 Sächsische Schweiz-Osterzgebirge
23%
Großenhain 18.102 Meißen
22%
Meerane 13.388 Zwickau
22%
Markranstädt 16.132 Leipzig
20%
Pulsnitz 7.359 Bautzen
20%
Rochlitz 5.688 Mittelsachsen
20%
Zwenkau 9.332 Leipzig
20%
Zwönitz 11.786 Erzgebirgskreis
20%
Bad Elster 3.644 Vogtlandkreis
19%
Burgstädt 10.475 Mittelsachsen
19%
Falkenstein/Vogtl. 7.692 Vogtlandkreis
19%
Thalheim/Erzgeb. 5.948 Erzgebirgskreis
19%
Adorf/Vogtl. 4.729 Vogtlandkreis
17%
Bad Muskau 3.759 Görlitz
17%
Flöha 10.516 Mittelsachsen
17%
Hainichen 8.448 Mittelsachsen
17%
Hohenstein-Ernstthal 14.092 Zwickau
17%
Augustusburg 4.495 Mittelsachsen
16%
Bad Lausick 8.191 Leipzig
16%
Eibenstock 7.035 Erzgebirgskreis
16%
Kirchberg 8.082 Zwickau
16%
Königstein 2.101 Sächsische Schweiz-Osterzgebirge
16%
Lößnitz 7.871 Erzgebirgskreis
16%
Penig 8.419 Mittelsachsen
16%
Wilsdruff 14.551 Sächsische Schweiz-Osterzgebirge
16%
Bad Düben 7.880 Nordsachsen
14%
Glashütte 6.657 Sächsische Schweiz-Osterzgebirge
14%
Lichtenstein 10.946 Zwickau
14%
Rotheburg/O.L. 4.389 Görlitz
14%
Wilkau-Haßlau 9.534 Zwickau
14%
Bernsdorf 6.280 Bautzen
13%
Colditz 8.381 Leipzig
13%
Geithain 6.797 Leipzig
13%
Geyer 3.366 Erzgebirgskreis
13%
Hartenstein 4.486 Zwickau
13%
Herrnhut 5.849 Görlitz
13%
Lommatzsch 4.805 Meißen
13%
Lugau 7.844 Erzgebirgskreis
13%
Naunhof 8.839 Leipzig
13%
Oederan 7.782 Mittelsachsen
13%
Schöneck/Vogtl. 2.997 Vogtlandkreis
13%
Dahlen 4.171 Nordsachsen
11%
Frohburg 12.305 Leipzig
11%
Lengenfeld 7.013 Vogtlandkreis
11%
Rodewisch 6.451 Vogtlandkreis
11%
Tharandt 5.471 Sächsische Schweiz-Osterzgebirge
11%
Treuen 7.704 Vogtlandkreis
11%
Wittichenau 5.686 Bautzen
11%
Dohna 6.249 Sächsische Schweiz-Osterzgebirge
9%
Elsterberg 3.738 Vogtlandkreis
9%
Hartha 6.777 Mittelsachsen
9%
Königsbrück 4.651 Bautzen
9%
Lauta 8.082 Bautzen
9%
Leisnig 8.249 Mittelsachsen
9%
Netzschkau 3.756 Vogtlandkreis
9%
Oberlungwitz 5.827 Zwickau
9%
Olbernhau 10.458 Erzgebirgskreis
9%
Ostritz 2.249 Görlitz
9%
Pegau 6.561 Leipzig
9%
Sayda 1.697 Mittelsachsen
9%
Scheibenberg 2.038 Erzgebirgskreis
9%
Stadt Wehlen 1.549 Sächsische Schweiz-Osterzgebirge
9%
Stolpen 5.559 Sächsische Schweiz-Osterzgebirge
9%
Strehla 3.680 Meißen
9%
Thum 4.956 Erzgebirgskreis
9%
Waldenburg 3.938 Zwickau
9%
Waldheim 9.033 Mittelsachsen
9%
Wildenfels 3.556 Zwickau
9%
Bad Gottleuba-Berggießhübel 5.541 Sächsische Schweiz-Osterzgebirge
8%
Böhlen 6.776 Leipzig
8%
Brandis 9.676 Leipzig
8%
Dommitzsch 2.400 Nordsachsen
8%
Ebersbach-Neugersdorf 11.441 Görlitz
8%
Groitzsch 7.551 Leipzig
8%
Großröhrsdorf 9.679 Bautzen
8%
Lunzenau 4.080 Mittelsachsen
8%
Markneukirchen 7.237 Vogtlandkreis
8%
Mügeln 5.792 Nordsachsen
8%
Rabenau 4.448 Sächsische Schweiz-Osterzgebirge
8%
Roßwein 7.355 Mittelsachsen
8%
Rötha 6.516 Leipzig
8%
Schlettau 2.322 Erzgebirgskreis
8%
Weißenberg 3.062 Bautzen
8%
Wolkenstein 3.837 Erzgebirgskreis
8%
Belgern-Schildau 7.577 Nordsachsen
6%
Elstra 2.702 Bautzen
6%
Frauenstein 2.714 Mittelsachsen
6%
Gröditz 6.877 Meißen
6%
Jöhstadt 2.495 Erzgebirgskreis
6%
Kitzscher 5.182 Leipzig
6%
Lauter-Bernsbach 8.410 Erzgebirgskreis
6%
Liebstadt 1.268 Sächsische Schweiz-Osterzgebirge
6%
Trebsen/Mulde 3.762 Leipzig
6%
Wilthen 4.827 Bautzen
6%
Elterlein 2.766 Erzgebirgskreis
5%
Geringswalde 4.158 Mittelsachsen
5%
Grünhain-Beierfeld 5.712 Erzgebirgskreis
5%
Hohnstein 3.201 Sächsische Schweiz-Osterzgebirge
5%
Neusalza-Spremberg 3.165 Görlitz
5%
Neustadt i. Sa. 11.888 Sächsische Schweiz-Osterzgebirge
5%
Pockau-Lengenfeld 7.445 Erzgebirgskreis
5%
Regis-Breitingen 3.796 Leipzig
5%
Schirgiswalde-Kirschau 6.057 Bautzen
5%
Seifhennersdorf 3.628 Görlitz
5%
Ehrenfriedersdorf 4.541 Erzgebirgskreis
3%
Großschirma 5.502 Mittelsachsen
3%
Pausa-Mühltroff 4.745 Vogtlandkreis
3%
Reichenbach im Vogtland 20.371 Vogtlandkreis
2%
Bernstadt a. d. Eigen 3.229 Görlitz
0%
Brandis-Erbisdorf 9.010 Mittelsachsen
0%
Keine übereinstimmenden Quizze gefunden
Verteilung der Resultate
Anzahl Personen mit jedem Resultat
Perzentil nach korrekt beantworteten Fragen
Ihre Resultats-Entwicklung
Sie haben dieses Quiz noch nicht gespielt